000 00851nam a2200241Ia 4500
003 OSt
005 20220923222340.0
006 a|||||r|||| 00| 0
007 ta
008 220922b |||||||| |||| 00| 0 hin d
024 _a204,597
037 _cTextual
040 _aARTS
_cARTS
_bhin
041 _2hin
_ahin
082 _aO157:2M63:14, 152J2
100 _aराय, द्विजेन्द्रलाल; पाण्डेय, रुपनारायण, अनु.
_9166801
245 0 _aसीता
246 _aSītā
260 _c1952
490 _aहिन्दी गं्रथ रत्नाकर; 36
942 _hO157:2M63:14, 152J2
_cTEXL
_2CC
999 _c355345
_d355345